000 00581cam a2200133 4500500
005 20260405085455.0
041 _afre
042 _adc
100 1 0 _aChâtellier, Louis
_eauthor
245 0 0 _aLe Catholicisme en France : Tome 1 : le XVIe siècle
260 _bArmand Colin,
_c2016.
520 _aAnalyse d’une crise religieuse, dont l’étape la plus importante fut le concile de Trente (1545-1563), et qui sera à l’origine du catholicisme moderne.
856 4 1 _uhttps://shs.cairn.info/le-catholicisme-en-france--9782718136783?lang=fr&redirect-ssocas=7080
999 _c2197853
_d2197853